Films cultes en Rébus - Statistiques

Statistiques générales
  • Ce quiz a été pris 996 fois
  • Le résultat moyen est 8 sur 10
Réponses sur la Carte
Les réponses sont colorées sur une échelle allant du rouge au vert en fonction du pourcentage des utilisateurs qui les ont devinées à leur premier essai. Vous pouvez retrouver ces pourcentages ci-dessous.
 
Statistiques - réponses
Rébus n° Film associé % Correct
4 Les Dents de la Mer
96%
2 Le Seigneur des Anneaux
94%
5 Jurassic Park
92%
8 Intouchables
86%
6 Le Silence des Agneaux
78%
10 Les Bronzés
77%
3 Les Visiteurs
68%
1 Le Dîner de Cons
62%
7 Les Choristes
56%
9 Titanic
53%
Aucun quiz correspondant
Distribution des résultats
% des personnes avec chaque résultat
Percentile par nombre de réponses
Votre historique - résultats
Vous n’avez pas pris ce quiz